000 00618nam a2200205Ia 4500
001 15024
003 GE_BSU
008 181216s||||||||xx |||||||||||||| ||und||
040 _cGE_BSU
080 _a519.6
100 _aВасильев, Ф.П.
245 _aЛекции по методам решения экстремальных задач.
245 _cРед.Л.Н.Лукиных
260 _aМосква
260 _bМоск. ун-т
260 _c1974
300 _a374стр.22см.
653 _aЛекции по методам решения экстремальных задач.
942 _cBK
999 _c48142
_d48142